| 000 | 00505 a2200157 4500 | ||
|---|---|---|---|
| 020 | _a1568812892 | ||
| 020 | _a9781568812892 | ||
| 082 | 0 | 4 | _a530.092 |
| 090 |
_c435 _d435 |
||
| 100 | 1 | _aDamour, Thibault. | |
| 245 | 1 | 0 |
_aOnce upon einstein / _cThibault Damour. |
| 260 |
_a[S.l.] : _bA K Peters, Ltd., _c2006. |
||
| 300 |
_a199 p. ; _c23 cm. |
||
| 942 |
_aSNS _cBK _k530.092 DAM |
||
| 999 |
_c29067 _d29067 |
||